000 00760nam a2200229 a 4500
001 BRCA_8614
003 FranzMayer
005 20230724113422.0
008 260916s1760----ag-#######---#000-0#lat-#
040 _aMFM
_bspa
_cMFM
041 _alat
084 _aBE29
_b.N38 1760
100 1 _aNatali, Antonio
_921527
245 1 0 _aDe Coelesti Conversatione In Terris A Religioso Viro Instituenda. Seu Piarum Operationum Praxis Quotidiana, In Diarii Oeconomia Rite Disposita
_cAntonio Natali.
260 _aNeapoli
_bJosephi Raymundi
_c1760
300 _a346 p.
_c19 x 12 cm.
500 _aEstado físico : presenta ataque de insectos y manchas en las hojas
546 _aTexto en : latín
650 1 4 _aVida religiosa
_921528
902 _aCFM
942 _2lcc
_cB
999 _c8275
_d8275